| 000 | 00552nam a2200169 a 4500 | ||
|---|---|---|---|
| 001 | 000039972 | ||
| 005 | 20201002033836.0 | ||
| 008 | 130801s1973 sp abd 000 0 spa d | ||
| 040 |
_aDO-SdBNP _bspa _cBNPHU |
||
| 082 | _axxx | ||
| 100 | 1 |
_aSterling Kinney, J. _966192 |
|
| 240 | 1 | 0 |
_aIndeterminate structural analysis _lespañol |
| 245 | 1 | 0 |
_aAnálisis de estructuras indeterminadas / _cJ.Sterling Kinney ; traducido Lionel Dignowity. |
| 250 | _a10a ed. | ||
| 260 |
_aMéxico : _bMcGraw-Hill, _c1973. |
||
| 300 |
_a710 p. : _bil., diagrs., map. ; _c23 cm. |
||
| 999 |
_c39462 _d39462 |
||